Т. 5 : Средства вычислительной техники. Вып. 10, 11 : Система малых ЭВМ. Интерфейсы; Государственная система промышленных приборов и средств автоматизации

Bibliografiske detaljer
Parent link:Государственная система промышленных приборов и средств автоматизации: отраслевой каталог на серийно выпускаемое и перспективное оборудование. Т. 5 : Средства вычислительной техники. Вып. 10, 11 : Система малых ЭВМ. Интерфейсы.— , 1983-1987
Institution som forfatter: Центральный научно-исследовательский институт информации и технико-экономических исследований приборостроения, средств автоматизации и систем управления
Summary:Исключено из фонда НТБ ТПУ
Sprog:russisk
Udgivet: 1983
Format: MixedMaterials Bog
KOHA link:https://koha.lib.tpu.ru/cgi-bin/koha/opac-detail.pl?biblionumber=133986

MARC

LEADER 00000nam2a2200000 4500
001 133986
005 20231101220449.0
035 |a (RuTPU)RU\TPU\book\145230 
035 |a RU\TPU\book\145226 
090 |a 133986 
100 |a 20080325g1983 k y0rusy50 ca 
101 0 |a rus 
102 |a RU 
105 |a a b 000zy 
200 0 |a Т. 5 : Средства вычислительной техники. Вып. 10, 11 : Система малых ЭВМ. Интерфейсы  |f Центральный научно-исследовательский институт информации и технико-экономических исследований приборостроения, средств автоматизации и систем управления 
210 |d 1983 
215 |a 90 с.  |c ил. 
333 |a Исключено из фонда НТБ ТПУ 
461 1 |0 (RuTPU)RU\TPU\book\141258  |t Государственная система промышленных приборов и средств автоматизации  |o отраслевой каталог на серийно выпускаемое и перспективное оборудование  |v Т. 5 : Средства вычислительной техники. Вып. 10, 11 : Система малых ЭВМ. Интерфейсы  |d 1983-1987 
712 0 2 |a Центральный научно-исследовательский институт информации и технико-экономических исследований приборостроения, средств автоматизации и систем управления  |9 24909 
801 1 |a RU  |b 63413507  |c 20080204  |g PSBO 
801 2 |a RU  |b 63413507  |c 20220620  |g PSBO 
942 |c BK